00414nam a2200145 i 450000100060000000300090000600500170001500700030003200800410003510000270007624500650010326000540016830000200022285200260024237167ES-MaACL20230906155523.0t|030220s1912 ag ||||1| spa d1 aBunge, Carlos Octavio.10aHistoria del Derecho argentino / cpor Carlos Octavio Bunge. aBuenos Aires : b[s.n., c1912] (fConi Hermanos) a2 v. ; c24 cm. aES-MaACLjB-5332-5333